000 00662nam a22002297a 4500
003 UA-OsUOA
001 78069
007 ta
008 20110929b un ||||| |||| 00| 0 ukr d
090 _a811.112
_bН71
942 _cBK
040 _aUA-OsUOA
_bukr
_cUA-OsUOA
_dUA-OsUOA
245 _aНімецька мова. Стислий курс граматики
300 _a160 с.
955 _a2
041 _aukr
080 _a811.112
020 _a978-966-672-846-6
260 _aХарків
_bРанок
_c2009
650 7 _a8 Мовознавство. Художня література. Літературознавство
_2UDC
999 _c364378
_d364378